000
00268nam a2200109 a 4500
005
20140414132004.0
008
110216s19uu xx 00 eng d
050
_a
TR
_b
Al5 2003
100
_a
Kuklin, Susan
245
_a
All aboard! a true train story.
999
_c
113129
_d
113129